Marketingové stratégie malých podnikov bakalárska práca

Uložené v:
Podrobná bibliografia
Hlavný autor: Trnavská, Tatiana
Korporativný autor: Fakulta podnikového manažmentu EU. Katedra podnikovohospodárska
Ďalší autori: Gajdová, Denisa, 1977-
Médium: Kniha
Jazyk:Slovak
Vydavateľské údaje: Bratislava 2012
Tagy: Pridať tag
Žiadne tagy, Buďte prvý, kto otaguje tento záznam!

MARC

LEADER 00000nbm a2200000 4500
001 0153895
005 20161109111814.1
041 0 |a slo 
044 |a SK 
245 1 0 |a Marketingové stratégie malých podnikov  |b bakalárska práca  |c Tatiana Trnavská ; školiteľ: Denisa Gajdová 
264 1 |a Bratislava  |c 2012 
300 |a 59 s. 
100 1 |a Trnavská, Tatiana 
700 1 |a Gajdová, Denisa, 1977- 
710 2 |a Fakulta podnikového manažmentu EU. Katedra podnikovohospodárska